000
00253nam a2200097Ia 4500
001
684540
005
20250826161459.0
008
250824s9999 xx 000 0 und d
245
0
_a
İstanbul da Bir Ramazan
_c
Cenab Şahabeddin
260
_b
Dergah Yayınları
999
_c
684540
_d
684540